| 000 | 00504nam a2200193Ia 4500 | ||
|---|---|---|---|
| 003 | OSt | ||
| 005 | 20251106174657.0 | ||
| 008 | 210423s2000 xx 000 0 und d | ||
| 040 | _cAL | ||
| 041 | _aEnglish | ||
| 082 |
_a362.19 _bMALG |
||
| 100 |
_aMalik J P _9117582 |
||
| 245 | _aGlobal friends for aids control | ||
| 260 |
_aDelhi _bDevelopment planning unit _c2000 |
||
| 300 |
_a62p. _bPB _c21.5x13.5cm. |
||
| 365 |
_b120 _cINR |
||
| 906 | _aaids ; control. ; friends ; Global | ||
| 942 |
_2ddc _cBK |
||
| 999 |
_c173677 _d173677 |
||